000
00322nam a22001337a 4500
008
171016b xxu||||| |||| 00| 0 eng d
020
_a
2900132729825
041
_a
eng
080
_a
331.101.262
100
_a
52
101
_a
BNJ
245
_a
MANAGING HUMAN RESOURCE
_c
GOMEZ-MEJIA, L.R
942
_2
udc
_c
BK
999
_c
34226
_d
34226